Papa's Cheeseria Ingredients - Statistics

General Stats
  • This quiz has been taken 6 times
  • The average score is 30 of 138
Answer Stats
Hint Answer % Correct
Topping Bacon
75%
Fry Topping | Sauce BBQ Sauce
75%
Fries Crinkle Cut Fries
75%
Topping Fried Egg
75%
Topping Grilled Chicken
75%
Fry Topping | Sauce Ketchup
75%
Sauce Mustard
75%
Fry Topping | Sauce Ranch
75%
Fries Waffle Fries
75%
Cheese American Cheese
50%
Topping Diced Tomatoes
50%
Bread Flatbread
50%
Cheese (New Year) Gruyere Cheese
50%
Fry Topping | Topping Jalapeños
50%
Topping Olives
50%
Fry Topping Poutine
50%
Topping Pulled Pork
50%
Fry Topping Rosemary
50%
Topping Sauerkraut
50%
Topping Shredded Lettuce
50%
Bread Sourdough Bread
50%
Cheese Swiss Cheese
50%
Bread Wheat Bread
50%
Bread White Bread
50%
Cheese Asiago Cheese
25%
Fry Topping | Sauce Awesome Sauce
25%
Fry Topping Bacobites
25%
Fry Topping (Cinco De Mayo) Black Beans
25%
Sauce Buffalo Sauce
25%
Fry Topping (Starlight BBQ) Burnt Ends
25%
Cheese (Pirate Bash) Calico Jack Cheese
25%
Fry Topping (Halloween) Cauldron Powder
25%
Fry Topping (Pirate Bash) Caviar
25%
Fry Topping Cheddar Topping
25%
Fry Topping (New Year) Cheese Cubes
25%
Fry Topping Chives
25%
Topping Corned Beef
25%
Fries Curly Fries
25%
Fry Topping (Holi) Curry Powder
25%
Topping Deep-Fried Pickles
25%
Topping Fajita Peppers
25%
Fries French Fries
25%
Fry Topping Fry Seasoning
25%
Cheese (Christmas) Ginger Spice Cheese
25%
Sauce (Thanksgiving) Gravy
25%
Sauce (Cinco De Mayo) Guacamole
25%
Bread (Summer Luau) Hawaiian Roll
25%
Fry Topping (Summer Luau) Lemon Herb Seasoning
25%
Topping Lobster Chunks
25%
Cheese (Maple Mornings) Maple Jack Cheese
25%
Sauce (Portallini Feast) Marinara Sauce
25%
Cheese (Halloween) Monster Muenster Cheese
25%
Topping Mushrooms
25%
Fry Topping Nacho Sauce
25%
Cheese (Holi) Paneer Cheese
25%
Topping Philly Steak
25%
Cheese (Valentine's Day) Red Windsor Cheese
25%
Fry Topping Rico's Chili
25%
Cheese (Portallini Feast) Ricotta Cheese
25%
Fry Topping (Thanksgiving) Roasted Pumpkin Seeds
25%
Cheese (St. Paddy's Day) Sage Derby Cheese
25%
Fry Topping (Valentine's Day) Salsa Criolla
25%
Fry Topping (Portallini Feast) Sausage Crumbles
25%
Topping Sauteed Onions
25%
Fry Topping (Easter) Shredded Carrots
25%
Cheese (Easter) Sirecz Cheese
25%
Topping Sliced Ham
25%
Topping Sliced Salami
25%
Topping Sliced Turkey
25%
Cheese (Starlight BBQ) Smoked Cheddar Cheese
25%
Fry Topping Sour Cream
25%
Sauce Southwest Sauce
25%
Fries Sweet Potato Wedges
25%
Bread (Starlight BBQ) Texas Toast
25%
Bread (Cinco De Mayo) Tortilla
25%
Fry Topping (Christmas) Yule Spice
25%
Cheese Aged Gouda Cheese
0%
Topping (Pirate Bash) Anchovies
0%
Sauce Balsamic Dressing
0%
Bread (St. Paddy's Day) Barmbrack Bread
0%
Bread (Valentine's Day) Beetbread
0%
Sauce (Holi) Bellulli Cheese
0%
Sauce (Pirate Bash) Blazeberry Sauce
0%
Sauce (Summer Luau) Calypso Sauce
0%
Bread (New Year) Cheddar Swirl Bread
0%
Cheese (Thanksgiving) Cheese Ball Spread
0%
Topping (Cinco De Mayo) Chorizo Sausages
0%
Bread Ciabatta Bread
0%
Bread (Maple Mornings) Cinnamon Toast
0%
Topping (St. Paddy's Day) Corned Beef Hash
0%
Sauce (Christmas) Cranberry Chutney
0%
Bread (Pirate Bash) Crossbone Bread
0%
Bread (Halloween) Ecto Bread
0%
Bread (Christmas) Fruitcake
0%
Cheese Gorgonzola Cheese
0%
Cheese Havarti Cheese
0%
Sauce (Easter) Hollandaise Sauce
0%
Sauce Honey Mustard
0%
Sauce (St. Paddy's Day) Irish Parsley Sauce
0%
Sauce (Halloween) Jackmomole
0%
Sauce (Starlight BBQ) Lone Star Pit Sauce
0%
Topping (New Year) Mac n' Cheese
0%
Cheese (Summer Luau) Mango Cream Cheese
0%
Topping (Maple Mornings) Maple Mini Sausages
0%
Sauce (Maple Mornings) Maple Syrup
0%
Cheese Marble Colby Cheese
0%
Bread Marble Rye Bread
0%
Topping (Portallini Feast) Meatballs
0%
Bread Multigrain Bread
0%
Bread (Holi) Naan Bread
0%
Cheese (Cinco De Mayo) Oaxaca Cheese
0%
Topping (Holi) Pakoras
0%
Sauce (New Year) Parmesan Sauce
0%
Bread (Easter) Paska Bread
0%
Cheese Pepperjack Cheese
0%
Bread (Portallini Feast) Pepperoni Bread
0%
Topping (Easter) Pickled Eggs
0%
Topping (Summer Luau) Pineapples
0%
Bread Pretzel Bread
0%
Cheese Provolone Cheese
0%
Bread Pumpernickel Bread
0%
Bread (Thanksgiving) Pumpkin Bread
0%
Topping (Christmas) Roasted Goose
0%
Bread Rosemary Focaccia
0%
Cheese Shredded Cheddar Cheese
0%
Cheese Shredded Mozzarella Cheese
0%
Topping (Starlight BBQ) Sliced Beef Brisket
0%
Topping (Halloween) Spooky Slaw
0%
Sauce (Valentine's Day) Strawberry Vinaigrette
0%
Topping (Thanksgiving) Stuffing
0%
Topping (Valentine's Day) Sundried Tomatoes
0%
Bread Three Cheese Bread
0%
Sauce Wild Onion Sauce
0%
No matching quizzes found
Score Distribution
Percent of People with Each Score
Percentile by Number Answered
Your Score History
You have not taken this quiz